000 01029cam a22003011 4500
001 l 39000075
003 DLC
005 20260227111536.0
008 781107s1938 sz 001 0 eng c
010 _al 39000075
035 _a(OCoLC)4354014
040 _aU.S. Dept. of Labor. Libr.
_cCoDU
_dOCoLC
_dDLC
042 _apremarc
050 0 0 _aHD4813
_b.I4 ser. A, no. 41
082 _a331.1082 s
110 2 _aInternational Labour Office.
245 1 0 _aIndustrial labour in India.
260 _aGeneva,
_c1938.
300 _a viii, 335 p.
_c24 cm.
490 1 _aIts Studies and reports, Series A (Industrial relations)
_vno. 41
500 _aAt head of title: International labour office ...
650 0 _aLabor and laboring classes
_zIndia.
650 0 _aLabor laws and legislation
_zIndia.
650 0 _aWages
_zIndia.
650 0 _aCost and standard of living
_zIndia.
650 0 _aHours of labor
_zIndia.
810 2 _aInternational Labour Office.
_tStudies and reports, Series A (Industrial relations)
_vno. 41.
999 _c36293
_d36293